Top 10 Largest Countries in the World - Statistics

General Stats
  • This quiz has been taken 27 times
  • The average score is 8 of 10
Answer Stats
Answer % Correct
China
100%
Russia
100%
Brazil
95%
Canada
95%
United States
95%
Australia
86%
India
86%
Argentina
71%
Kazakhstan
62%
Algeria
48%
No matching quizzes found
Score Distribution
Percent of People with Each Score
Percentile by Number Answered
Your Score History
You have not taken this quiz